Datum a čas kvízu

30.5 Celkem bodů Celkový počet nahraných bodů na tomto kvízu bez doplňovacích otázek.
10. Pořadí na kvízu Konečné umístění týmu na tomto kvízu.

Zaznamenané odpovědi

# Otázka Odpověď Body Výsledky
1. Česká vláda ve středu schválil... Morava, Dyje 0
2. V pondělí začalo největší nábo... v Indii 1
3. Jedno české hudební vydavatels... Supraphon, Sony (Music Entertainment) 0.5
4. V úterý vzlétla do vesmíru pom... A) TROLL 0
5. Dva extraligové hokejové kluby... HC Dynamo Pardubice, HC Vítkovice 1
6. Na kterém ostrově se měl nachá... na Krétě 1
7. Labyrint je specializovaný org... D 0
8. Labyrinty, spirály a podobné o... Friedensreich Hundertwasser 0
9. Která kost lebky obsahuje kost... kost spánková 0
10. Jak se jmenuje kniha, která by... Labyrint světa a ráj srdce 1